Players of National Teams - Netherlands - Statistics

General Stats
  • This quiz has been taken 15 times
  • The average score is 14 of 22
Answer Stats
Pos. Team Player % Correct
CB Liverpool FC Virgil van Dijk
100%
LW Liverpool FC Cody Gakpo
93%
CM FC Barcelona Frenkie de Jong
93%
CB Manchester United Matthijs de Ligt
93%
CB Tottenham Hotspur Micky van de Ven
86%
CB Manchester City Nathan Aké
86%
DM Liverpool FC Ryan Gravenberch
86%
CM Manchester City Tijjani Reijnders
86%
AM Tottenham Hotspur Xavi Simons
79%
FW SC Corinthians Memphis Depay
71%
GK Bayer 04 Leverkusen Mark Flekken
64%
GK Brighton & Hove Albion Bart Verbruggen
57%
FW AS Roma Donyell Malen
50%
RB Arsenal FC Jurriën Timber
50%
CB Brighton & Hove Albion Jan Paul van Hecke
43%
RB Sunderland AFC Lutsharel Geertruida
43%
LW SSC Napoli Noa Lang
43%
GK Sunderland AFC Robin Roefs
36%
FW RC Strasbourg Emmanuel Emegha
29%
DM PSV Eindhoven Jerdy Schouten
29%
CM Feyenoord Luciano Valente
29%
CM Feyenoord Quinten Timber
29%
No matching quizzes found
Score Distribution
Percent of People with Each Score
Percentile by Number Answered
Your Score History
You have not taken this quiz